MDQL
is popping MORE tags! Check the
thread
!
Quizzes
Events
Quiz Creation
Community
Videos
Private Events
Remove Ads
Sign In
Join for FREE
Feedback
Dark Mode
Quiz Categories
Sports
Geography
Music
Movies
Television
Just For Fun
Miscellaneous
History
Literature
Language
Science
Gaming
Entertainment
Religion
Holiday
For Kids
Quiz Lab
Recent
Popular Today
Quiz Kudos Today
Editor Picks
Curator Picks
Quizzes by...
Day
Popularity
Type
Ratings
Length
Year
Community
Subscriptions
Recent Discussions
Orange Saloon
Badges
Playlists
Quests
Create
Leaderboards
Showdown
Live 5
Trivia Bingo
Activity
Puzzle Library
Sporcle Events
Private Events
Virtual Trivia
Globe League
Become a Host
Pub Owners
SporcleCon
Opinionation
Our Games
Videos
Blog
Mobile Apps
Partnerships
Remove Ads and Go Orange
Feedback
Holiday
Halloween
Christmas
Holiday Songs
April Fools'
Thanksgiving
Valentine's Day
Easter
St Patrick's Day
National Holiday
Religious Holiday
Holiday
Halloween
Christmas
Holiday Songs
April Fools'
Thanksgiving
Valentine's Day
Easter
St Patrick's Day
National Holiday
Religious Holiday
Random Quiz
Search Sporcle
×
Editor Pick
Editor Pick
Holiday
St Patrick's Day
Type in answers that appear in a list
Type in answers that appear in a list
Classic
Best Score? Go Orange.
Mixed Word: St. Patricks Day Stats
Can you name the Mixed word St Patricks Day?
By
YankeesIndians
3m
16 Questions
998 Plays
998 Plays
998 Plays
Comments
Comments
Give Quiz Kudos
Give Quiz Kudos
-
- Ratings
hide this ad
More Info
Replay
Link that replays current quiz
Next Quiz
Link to next quiz in quiz playlist
You Got
0%
They Got
Avg Score
70%
Avg Friend Score
Upgrade to see
Score Distribution
Jump to the score distribution portion of the page
Score
0/16
Timer
03:00
0
Plays Today
Mixed word
% Correct
OPT
POT
96.5%
ODLG
GOLD
94.8%
EGRNE
GREEN
91.1%
ULKC
LUCK
90.8%
RTAP
TRAP
89.7%
RIHIS
IRISH
79.1%
VCORLE
CLOVER
73.4%
MSHRKOCA
SHAMROCK
72.6%
Mixed word
% Correct
CAHMR
MARCH
70.7%
KPIRACT
PATRICK
64.1%
CUERLNHAEP
LEPRECHAUN
63.9%
ISOCN
COINS
61.1%
NAWBOIR
RAINBOW
53.7%
IRVLES
SILVER
51.3%
ENIARDL
IRELAND
45.6%
HCIFMSEI
MISCHIEF
30%
Quiz Playlist
Details
Report
Send in Message
Add To Playlist
More Info:
Happy St Patrick's Day!
Classic:
Type in answers that appear in a list
Last Updated: Feb 16, 2017
Editor Pick in
Holiday
Quiz Scoreboard
CHALLENGE
Sign Up to Join the Scoreboard
Show All
Scores
Hide
Comments
May contain spoilers
Recently Published
Colored Red Africa Blitz
by spor1
Geography
30s
Find the 'City' Movie
by crazypaving
Movies
60s
5x2 Blitz: Bands
by SL_Kpop136
Music
30s
More to Explore
Quiz From the Vault
Featured Blog Post
14 Easter Pick-up Lines to Find Eggs With
hide this ad
You Might Also Like...
Tags
St Patrick's Day Quiz
Mixed
patrick
Today's Top Quizzes in Holiday
Browse Holiday
hide this ad
Today's Top Quizzes in St Patrick's Day
Browse St Patrick's Day
Top Contributed Quizzes in Holiday
1
Pick the Easter Eggs hidden in the Garden
2
5-to-1: Holiday Songs
3
5-to-1: Thanksgiving
4
Christmas Pick: Easter
5
Holidays Spelling Bee
6
April Fools' Zebra Puzzle
7
Easter Teddy Bears
8
A Christmas Story Kids Picture Click
9
Easter - Did You Know?
10
Christmas Pick: April Fools'
Explore More
Trending Topics
Marvel
Harry Potter
Crossword
NBA
Anime
Kpop
Disney
Puzzle
The Office
Country
Soccer
WWE
NFL
Song
Pokémon
hide this ad
More By:
YankeesIndians
Quiz
Plays
Rating
Category
Featured
Created
Mixed Word Minecraft
1,634
4.83
Gaming
May 28, 2013
Mixed Word Christmas
1,593
3.53
Holiday
Nov 24, 2011
Mixed Word: St. Patricks Day
998
4.00
Holiday
Feb 22, 2012
Mixed Word Easter
637
3.50
Holiday
Nov 28, 2011
Mixed word Memorial Day
563
4.40
Holiday
May 28, 2012
Go to Creator's Profile
Score Distribution
Quiz Creator Spotlight
YankeesIndians
Follow
Send a Message
Quizzes Created
-
Created Quiz Play Count
-
More By This Creator
Popular Quizzes Today
1
Colored Red Africa Blitz
2
Find the 'City' Movie
3
Find the US States - No Outlines Minefield
4
5x2 Blitz: Bands
5
The Countries of the World
6
Find the US States
7
US States
8
9x9 Crossword: Cartoon Network
More Holiday Quizzes
Jewish Holiday by Bible Verse
Editor's Pick
Trending Quizzes
Colored Red Europe Blitz I
Colored Red Europe Blitz II
Colored Red Africa Blitz II
Colored Red Africa Blitz III
Colored Red Europe Blitz III
Recently Updated
Godzilla Movies
pecheneg
Grab Bag: 4-10 Letters
pecheneg
2024 March Madness Bracket
pecheneg
Famous TV Couples
Peacemaker
Champions League XIs: Real Madrid
pecheneg
Largest US Cities 1790-2010
pecheneg
Rides in Walt Disney World
pecheneg
Most Oscar Losses (Acting)
pecheneg
Beyoncé Albums
pecheneg
Leaping Animals
pecheneg
Trending Topics
Disney
Anime
Harry Potter
Marvel
Crossword
Kpop
NBA
Song
Soccer
NFL
Country
The Office
Pokémon
WWE
Puzzle
Your Account Isn't Verified!
In order to create a playlist on Sporcle, you need to verify the email address you used during registration. Go to your
Sporcle Settings
to finish the process.
Report this User
Report this user for behavior that violates our
Community Guidelines
.
Details:
Send Report
Go to the Sporcle.com Mobile Site →
Comments